El comentario de textos griegos y latinos
Uloženo v:
| Hlavní autor: | |
|---|---|
| Médium: | Kniha |
| Jazyk: | španělština |
| Vydáno: |
Madrid
Cátedra
1979
|
| Témata: | |
| Tagy: |
Přidat tag
Žádné tagy, Buďte první, kdo vytvoří štítek k tomuto záznamu!
|
MARC
| LEADER | 00000nam a2200000 a 4500 | ||
|---|---|---|---|
| 001 | UCP7578 | ||
| 003 | CL-VaPUC | ||
| 008 | 991217e19790000SP |||||||||||||||||spa|d | ||
| 082 | 0 | 4 | |a 880.9 |b COD |2 21 |
| 100 | 0 | |a Codoñer, Carmen |e author |9 437017 | |
| 245 | 1 | 3 | |a El comentario de textos griegos y latinos |
| 300 | |a 299 p | ||
| 942 | |c BK | ||
| 945 | |d 19991217 00:00:00 |a rherrera | ||
| 260 | |a Madrid |b Cátedra |c 1979 | ||
| 650 | 7 | |a LITERATURA GRIEGA |2 CL-VaPUC |9 258054 | |
| 650 | 0 | |a Literatura latina |9 258055 | |
| 650 | 7 | |a COMENTARIOS |2 CL-VaPUC |9 313567 | |
| 650 | 7 | |a ORATORIAS GRIEGAS |2 CL-VaPUC |9 421068 | |
| 650 | 7 | |a ORATORIAS LATINAS |2 CL-VaPUC |9 437018 | |
| 650 | 0 | |a Historiografía |9 257871 | |
| 650 | 0 | |a Comedias griegas |9 265641 | |
| 650 | 7 | |a COMEDIAS LATINAS |2 CL-VaPUC |9 265079 | |
| 583 | |a last modification |c 19991217 00:00:00 |k Rodrigo Vera | ||
| 999 | |c 284699 |d 284697 | ||
| 952 | |0 0 |1 0 |4 0 |6 880_900000000000000_COD_1979 |7 0 |8 A |9 328878 |a BIBHIS |b BIBHIS |d 2019-11-20 |i 1379291 |o 880.9 COD 1979 |p 1379291 |r 2025-01-20 |w 2019-11-20 |y BK |k HIS | ||